000 01115nam0a22003011 4500
001 v19\rc\1589568
005 20250619051312.0
035 _a(NLR Aleph) 004836433
090 _a4776168
_c4776168
100 _a20061002d1894 |||y0rusy50 ca
101 0 _arus
102 _aRU
105 _ay z |||a|
200 1 _a1. Бесталанный
_a2. Сафат Зиныч
_eРассказы Осипа Федьковича
_fС галицко-рус. пер. Н.Н. Златовратский
210 _aМосква
_c"Нар. б-ка" В.Н. Маракуева
_d1894
215 _a16 с.
_d17
517 0 _aБесталанный
517 0 _aСафат Зиныч
700 1 _7ca
_8rus
_aФедькович
_bЮ. А.
_f1834-1888
_gЮрий Адальбертович
_9250835
_3RU\NLR\AUTH\770250891
702 1 _aЗлатовратский
_bН.Н.
_f1845-1911
_gНиколай Николаевич
_4730
801 0 _aRU
_bNLR
_gpsbo
801 0 _aRU
_bRuMoRGB
_2psbo
801 1 _aRU
_bProSoft-M
_2rusmarc
852 _aNLR
_j18.259.8.249
899 _aRuMoRGB
_jМК
942 _cBOOK
980 _aNB